000 00867nam a22002537a 4500
005 20170124105921.0
010 _aB-130389
020 _a9788176463812
_c1000.00
035 _aB-130389
037 _bCen Lib/Ret
040 _aDPL
_bEN
082 _a305.26
_bBOS
100 _aBose, Ashish
_984868
245 _aGrowing old in India :
_bVoices reveal, sttistics speak /
_cby Ashish Bose [and] Mala Kapur Shankardass
260 _aDelhi
_bB.R.Publishing Corporation
_c2004
270 _a425, Nimri Colony, Ashok Vihar, Phase IV
_bDelhi
_e110052
300 _axx, 450p.
_c23cm(Hb)
650 _aMediocal science
_984869
650 _aAgeing
_984870
650 _a चिकित्सा विज्ञान
_984871
650 _a उम्र बढ़ने
_934
700 _aShankardass,Mala kapur
_94666
942 _2ddc
_cEN
_h305.26
_mBOS
999 _c123192
_d123192